[Event "2017 Oceania Zone 3.6 Zonal Championship"]
[Site "Auckland, NZL"]
[Date "2017.01.17"]
[Round "6.1"]
[White "Illingworth, Max"]
[Black "Smirnov, Anton"]
[Result "1/2-1/2"]
[LiveChessVersion "1.4.7"]
[BlackElo "2519"]
[WhiteElo "2481"]

1. d4 {[%clk 1:30:52]} d5 {[%clk 1:30:55]} 2. c4 {[%clk 1:30:59]} c6
{[%clk 1:31:07]} 3. Nf3 {[%clk 1:31:21]} Nf6 {[%clk 1:31:32]} 4. e3
{[%clk 1:31:42]} Bg4 {[%clk 1:31:52]} 5. Qb3 {[%clk 1:31:31]} Qc7
{[%clk 1:31:13]} 6. Ne5 Be6 {[%clk 1:30:03]} 7. Nc3 {[%clk 1:31:05]} dxc4
{[%clk 1:30:11]} 8. Bxc4 {[%clk 1:30:51]} Bxc4 {[%clk 1:30:32]} 9. Qxc4
{[%clk 1:29:29]} e6 {[%clk 1:30:30]} 10. e4 {[%clk 1:28:57]} Nbd7
{[%clk 1:30:29]} 11. Nxd7 {[%clk 1:28:22]} Nxd7 {[%clk 1:30:25]} 12. Be3
{[%clk 1:25:24]} Bd6 {[%clk 1:28:06]} 13. h3 {[%clk 1:23:59]} O-O
{[%clk 1:23:06]} 14. O-O {[%clk 1:24:20]} Nb6 {[%clk 1:20:57]} 15. Qb3
{[%clk 1:23:20]} Bh2+ {[%clk 0:56:30]} 16. Kh1 {[%clk 1:23:43]} Bf4
{[%clk 0:56:57]} 17. e5 {[%clk 1:22:59]} Bxe3 {[%clk 0:57:22]} 18. fxe3
{[%clk 1:23:24]} Qe7 {[%clk 0:52:47]} 19. Ne4 {[%clk 1:23:11]} f6
{[%clk 0:51:28]} 20. exf6 {[%clk 1:20:24]} gxf6 {[%clk 0:51:54]} 21. Nc5
{[%clk 1:20:33]} Rae8 {[%clk 0:51:40]} 22. Rf3 {[%clk 1:18:53]} Kh8
{[%clk 0:50:18]} 23. a4 {[%clk 1:12:37]} Rf7 {[%clk 0:47:58]} 24. Raf1
{[%clk 1:11:33]} Nc8 {[%clk 0:47:50]} 25. Qc2 {[%clk 1:09:08]} Nd6
{[%clk 0:45:19]} 26. Ne4 {[%clk 1:02:00]} f5 {[%clk 0:42:46]} 27. Nxd6
{[%clk 1:02:01]} Qxd6 {[%clk 0:43:04]} 28. e4 {[%clk 0:58:28]} Qxd4
{[%clk 0:41:00]} 29. exf5 {[%clk 0:56:27]} Rxf5 {[%clk 0:41:16]} 30. Rxf5
{[%clk 0:56:45]} exf5 {[%clk 0:41:39]} 31. Qxf5 {[%clk 0:56:56]} Qxb2
{[%clk 0:38:30]} 32. Qc5 {[%clk 0:44:52]} Rg8 {[%clk 0:35:04]} 33. g4
{[%clk 0:43:39]} Qg7 {[%clk 0:23:43]} 34. Qxa7 {[%clk 0:40:43]} Qc3
{[%clk 0:24:05]} 35. Kh2 {[%clk 0:39:55]} Rd8 {[%clk 0:24:09]} 36. Rf2
{[%clk 0:38:04]} Qe5+ {[%clk 0:24:26]} 37. Kg2 {[%clk 0:38:15]} h5
{[%clk 0:13:29]} 38. Qxb7 {[%clk 0:34:46]} hxg4 {[%clk 0:12:53]} 39. hxg4
{[%clk 0:32:57]} Qe4+ {[%clk 0:13:04]} 40. Kh2 {[%clk 1:02:44]} Qe5+
{[%clk 0:43:24]} 1/2-1/2

[Event "2017 Oceania Zone 3.6 Zonal Championship"]
[Site "Auckland, NZL"]
[Date "2017.01.17"]
[Round "6.2"]
[White "Dale, Ari"]
[Black "Gong, Patrick"]
[Result "1/2-1/2"]
[LiveChessVersion "1.4.7"]
[BlackElo "2303"]
[WhiteElo "2333"]

1. d4 {[%clk 1:30:58]} Nf6 {[%clk 1:30:51]} 2. c4 {[%clk 1:31:23]} c5
{[%clk 1:31:13]} 3. d5 {[%clk 1:31:49]} d6 {[%clk 1:31:32]} 4. Nc3
{[%clk 1:31:27]} g6 {[%clk 1:31:54]} 5. e4 {[%clk 1:31:45]} Bg7 {[%clk 1:32:09]}
6. h3 {[%clk 1:31:30]} O-O {[%clk 1:32:11]} 7. Bd3 {[%clk 1:31:35]} a6
{[%clk 1:32:26]} 8. a4 {[%clk 1:31:25]} a5 {[%clk 1:32:45]} 9. Nf3
{[%clk 1:24:53]} Na6 {[%clk 1:32:02]} 10. O-O {[%clk 1:24:24]} Nb4
{[%clk 1:31:29]} 11. Bb1 {[%clk 1:21:58]} e5 {[%clk 1:26:24]} 12. dxe6
{[%clk 1:19:25]} Bxe6 {[%clk 1:24:24]} 13. Qe2 {[%clk 1:15:03]} Nd7
{[%clk 1:21:08]} 14. Rd1 {[%clk 1:09:50]} Nb6 {[%clk 1:12:11]} 15. Nd5
{[%clk 1:08:42]} N6xd5 {[%clk 1:09:58]} 16. exd5 {[%clk 1:02:17]} Bd7
{[%clk 1:09:17]} 17. Bg5 {[%clk 1:02:43]} Re8 {[%clk 1:03:56]} 18. Qd2
{[%clk 1:02:05]} Qb6 {[%clk 1:03:47]} 19. Bh6 {[%clk 0:53:24]} Bh8
{[%clk 1:02:34]} 20. Ng5 {[%clk 0:52:46]} Qd8 {[%clk 0:58:39]} 21. Ra3
{[%clk 0:50:58]} f6 {[%clk 0:53:14]} 22. Ne6 {[%clk 0:41:37]} Bxe6
{[%clk 0:52:13]} 23. dxe6 {[%clk 0:42:03]} Rxe6 {[%clk 0:52:21]} 24. Re3
{[%clk 0:42:19]} Rxe3 {[%clk 0:44:17]} 25. Qxe3 {[%clk 0:38:03]} Qe8
{[%clk 0:42:12]} 26. Rxd6 {[%clk 0:25:48]} Qxe3 {[%clk 0:41:41]} 27. Bxe3
{[%clk 0:25:55]} f5 {[%clk 0:41:45]} 28. g4 {[%clk 0:25:06]} f4 {[%clk 0:35:18]}
29. Bxc5 {[%clk 0:18:27]} Re8 {[%clk 0:32:08]} 30. Kg2 {[%clk 0:18:37]} Bxb2
{[%clk 0:30:59]} 31. Rb6 {[%clk 0:15:18]} Na6 {[%clk 0:23:23]} 32. Rxb2
{[%clk 0:07:28]} Nxc5 {[%clk 0:23:47]} 33. Kf3 {[%clk 0:07:51]} Nxa4
{[%clk 0:21:14]} 34. Rxb7 {[%clk 0:08:17]} Rc8 {[%clk 0:19:16]} 35. Bc2
{[%clk 0:05:41]} Nc5 {[%clk 0:19:27]} 36. Ra7 {[%clk 0:05:58]} Ne6
{[%clk 0:19:16]} 37. Be4 {[%clk 0:04:10]} Ng5+ {[%clk 0:19:03]} 38. Kxf4
{[%clk 0:04:37]} Nxe4 {[%clk 0:19:18]} 39. Kxe4 {[%clk 0:05:03]} Rxc4+
{[%clk 0:19:36]} 40. Ke5 {[%clk 0:35:29]} a4 {[%clk 0:46:46]} 41. f4
{[%clk 0:29:06]} h6 {[%clk 0:43:45]} 42. f5 {[%clk 0:22:28]} h5 {[%clk 0:38:28]}
43. Kf6 {[%clk 0:19:02]} Rc6+ {[%clk 0:38:10]} 44. Kg5 {[%clk 0:19:19]} hxg4
{[%clk 0:38:10]} 45. f6 {[%clk 0:11:48]} gxh3 {[%clk 0:38:12]} 46. Kxg6
{[%clk 0:12:11]} Rxf6+ {[%clk 0:38:25]} 47. Kxf6 {[%clk 0:12:38]} h2
{[%clk 0:38:48]} 48. Ra8+ 1/2-1/2

[Event "2017 Oceania Zone 3.6 Zonal Championship"]
[Site "Auckland, NZL"]
[Date "2017.01.17"]
[Round "6.3"]
[White "Choong, Yita"]
[Black "Zelesco, Karl"]
[Result "0-1"]
[LiveChessVersion "1.4.7"]
[BlackElo "2345"]
[WhiteElo "2275"]

1. d4 {[%clk 1:30:36]} Nf6 {[%clk 1:30:51]} 2. c4 {[%clk 1:31:00]} g6
{[%clk 1:31:07]} 3. g3 {[%clk 1:31:25]} Bg7 {[%clk 1:31:19]} 4. Bg2
{[%clk 1:31:49]} d5 {[%clk 1:31:28]} 5. cxd5 {[%clk 1:32:11]} Nxd5
{[%clk 1:31:46]} 6. Nf3 {[%clk 1:32:29]} O-O {[%clk 1:32:04]} 7. O-O
{[%clk 1:32:53]} Nc6 {[%clk 1:32:03]} 8. Nc3 {[%clk 1:33:17]} Bf5
{[%clk 1:32:09]} 9. Nh4 {[%clk 1:24:19]} Be6 {[%clk 1:31:51]} 10. e4
{[%clk 1:22:08]} Nxc3 {[%clk 1:31:37]} 11. bxc3 {[%clk 1:22:33]} Na5
{[%clk 1:31:56]} 12. d5 {[%clk 1:19:49]} Bd7 {[%clk 1:28:45]} 13. Rb1
{[%clk 1:15:09]} c6 {[%clk 1:24:44]} 14. Bg5 {[%clk 1:12:52]} Bxc3
{[%clk 0:58:51]} 15. Qc1 {[%clk 1:02:48]} Bf6 {[%clk 0:50:29]} 16. Bxf6
{[%clk 0:55:25]} exf6 {[%clk 0:50:53]} 17. Rd1 {[%clk 0:55:51]} Qe7
{[%clk 0:49:44]} 18. d6 {[%clk 0:42:24]} Qd8 {[%clk 0:43:03]} 19. Qh6
{[%clk 0:36:14]} Re8 {[%clk 0:43:00]} 20. f4 {[%clk 0:31:51]} Bg4
{[%clk 0:32:50]} 21. Rd3 {[%clk 0:24:41]} Re6 {[%clk 0:31:09]} 22. h3
{[%clk 0:17:47]} Be2 {[%clk 0:31:23]} 23. Rd2 {[%clk 0:18:14]} Bc4
{[%clk 0:29:45]} 24. d7 {[%clk 0:13:45]} Qe7 {[%clk 0:17:34]} 25. Rbd1
{[%clk 0:12:48]} Rd8 {[%clk 0:17:49]} 26. f5 {[%clk 0:08:07]} Re5
{[%clk 0:18:08]} 27. Kh2 {[%clk 0:08:05]} c5 {[%clk 0:15:31]} 28. Rd6
{[%clk 0:06:32]} Be2 {[%clk 0:14:26]} 29. R1d5 {[%clk 0:02:47]} Nc4
{[%clk 0:14:33]} 30. fxg6 {[%clk 0:03:13]} fxg6 {[%clk 0:14:48]} 31. Nf5
{[%clk 0:00:48]} gxf5 {[%clk 0:10:14]} 32. Rxf6 {[%clk 0:00:52]} Qg7
{[%clk 0:02:59]} 33. Qh4 {[%clk 0:01:18]} Rxd7 {[%clk 0:02:04]} 34. Rxf5
{[%clk 0:00:35]} Rdxd5 {[%clk 0:01:54]} 0-1

[Event "2017 Oceania Zone 3.6 Zonal Championship"]
[Site "Auckland, NZL"]
[Date "2017.01.17"]
[Round "6.4"]
[White "Kulashko, Alexei"]
[Black "Gong, Daniel Hanwen"]
[Result "1/2-1/2"]
[LiveChessVersion "1.4.7"]
[BlackElo "2090"]
[WhiteElo "2344"]

1. e4 {[%clk 1:30:58]} c5 {[%clk 1:30:56]} 2. Nf3 {[%clk 1:31:19]} e6
{[%clk 1:31:23]} 3. c3 {[%clk 1:31:36]} d5 {[%clk 1:31:09]} 4. exd5
{[%clk 1:31:59]} exd5 {[%clk 1:31:36]} 5. d4 {[%clk 1:32:21]} Nc6
{[%clk 1:31:05]} 6. Bb5 {[%clk 1:32:27]} a6 {[%clk 1:29:43]} 7. Bxc6+
{[%clk 1:28:20]} bxc6 {[%clk 1:30:08]} 8. O-O {[%clk 1:26:21]} Bd6
{[%clk 1:29:42]} 9. Qa4 {[%clk 1:15:29]} Ne7 {[%clk 1:26:50]} 10. Bg5
{[%clk 1:14:01]} f6 {[%clk 1:26:16]} 11. Bh4 {[%clk 1:12:58]} O-O
{[%clk 1:25:18]} 12. Bg3 {[%clk 1:12:29]} c4 {[%clk 1:20:03]} 13. b3
{[%clk 1:10:02]} cxb3 {[%clk 1:19:39]} 14. axb3 {[%clk 1:10:19]} Bg4
{[%clk 1:16:50]} 15. Nbd2 {[%clk 1:06:47]} Qd7 {[%clk 1:12:26]} 16. Bxd6
{[%clk 1:01:50]} Qxd6 {[%clk 1:12:28]} 17. Qa3 {[%clk 1:00:40]} Nf5
{[%clk 1:10:59]} 18. h3 {[%clk 0:57:57]} Bxf3 {[%clk 1:10:56]} 19. Nxf3
{[%clk 0:58:21]} Rfb8 {[%clk 1:10:39]} 20. Rfe1 {[%clk 0:53:20]} Kf7
{[%clk 1:09:28]} 21. g4 {[%clk 0:47:38]} Qxa3 {[%clk 1:06:35]} 22. Rxa3
{[%clk 0:48:04]} Nd6 {[%clk 1:06:56]} 23. Rc1 {[%clk 0:40:30]} Rb6
{[%clk 1:02:00]} 24. Nd2 {[%clk 0:36:00]} a5 {[%clk 0:52:56]} 25. Ra4
{[%clk 0:34:40]} Ke6 {[%clk 0:51:37]} 26. b4 {[%clk 0:30:11]} Rba6
{[%clk 0:48:39]} 27. Nb3 {[%clk 0:29:29]} Nb7 {[%clk 0:48:44]} 28. Rca1
{[%clk 0:29:16]} Kd6 {[%clk 0:48:40]} 29. Kf1 {[%clk 0:26:22]} Kc7
{[%clk 0:48:09]} 30. bxa5 {[%clk 0:25:29]} c5 {[%clk 0:42:09]} 31. dxc5
{[%clk 0:24:24]} Kc6 {[%clk 0:42:33]} 32. c4 {[%clk 0:12:34]} Nxc5
{[%clk 0:40:48]} 33. cxd5+ {[%clk 0:12:54]} Kd6 {[%clk 0:40:57]} 34. Nxc5
{[%clk 0:07:40]} Kxc5 {[%clk 0:41:23]} 35. Kg2 {[%clk 0:04:52]} Kxd5
{[%clk 0:41:32]} 36. Kg3 {[%clk 0:05:02]} g6 {[%clk 0:39:50]} 37. h4
{[%clk 0:04:28]} R8a7 {[%clk 0:38:49]} 38. R4a2 {[%clk 0:04:47]} Ke6
{[%clk 0:38:05]} 39. Ra3 {[%clk 0:05:05]} Kd5 {[%clk 0:38:16]} 40. g5
{[%clk 0:33:24]} fxg5 {[%clk 1:06:35]} 41. hxg5 {[%clk 0:33:06]} Ke5
{[%clk 1:03:33]} 42. Kg4 {[%clk 0:32:49]} Ke6 {[%clk 1:03:33]} 43. Re1+
{[%clk 0:31:07]} Kf7 {[%clk 1:03:05]} 44. Re5 {[%clk 0:30:27]} Kg7
{[%clk 1:03:14]} 45. Ra4 {[%clk 0:26:14]} h6 {[%clk 1:03:02]} 46. gxh6+
{[%clk 0:24:17]} Kxh6 {[%clk 1:03:26]} 47. Ra3 {[%clk 0:24:25]} Kg7
{[%clk 1:03:27]} 48. Kg5 {[%clk 0:24:43]} Kf7 {[%clk 1:03:26]} 49. f4
{[%clk 0:23:27]} Kg7 {[%clk 1:03:27]} 50. Ra2 {[%clk 0:23:52]} Kf7
{[%clk 1:03:22]} 51. Rb5 {[%clk 0:23:54]} Kg7 {[%clk 1:03:25]} 52. Ra1
{[%clk 0:24:19]} Kf7 {[%clk 1:03:48]} 53. Kg4 {[%clk 0:20:52]} Kf6
{[%clk 1:03:44]} 54. Kf3 {[%clk 0:21:13]} Ra8 {[%clk 1:01:38]} 55. Ra4
{[%clk 0:21:26]} R8a7 {[%clk 1:01:50]} 56. Ke3 {[%clk 0:21:14]} Ra8
{[%clk 0:59:46]} 57. Kd3 {[%clk 0:21:10]} Kf7 {[%clk 0:44:41]} 58. Kc3
{[%clk 0:20:29]} Ke6 {[%clk 0:45:01]} 59. Re5+ {[%clk 0:17:31]} Kf7
{[%clk 0:41:43]} 60. Kb3 {[%clk 0:16:42]} R8a7 {[%clk 0:41:19]} 61. Rb5
{[%clk 0:16:59]} Kg7 {[%clk 0:39:48]} 62. Rc5 {[%clk 0:16:06]} Kf7
{[%clk 0:39:51]} 63. Kc3 {[%clk 0:12:09]} Kg7 {[%clk 0:39:40]} 64. Rd5
{[%clk 0:08:04]} Kf7 {[%clk 0:39:42]} 65. Ra2 {[%clk 0:07:53]} Kg7
{[%clk 0:36:13]} 66. Kb4 {[%clk 0:07:42]} Rf6 {[%clk 0:36:35]} 67. Rf2
{[%clk 0:07:12]} Raf7 {[%clk 0:34:01]} 68. Rd4 {[%clk 0:07:25]} Rb7+
{[%clk 0:34:20]} 69. Kc3 {[%clk 0:07:21]} Ra7 {[%clk 0:33:17]} 70. Ra4
{[%clk 0:07:45]} Rf5 {[%clk 0:32:03]} 71. a6 {[%clk 0:07:39]} Rf6
{[%clk 0:31:15]} 72. Rfa2 {[%clk 0:08:03]} Kf7 {[%clk 0:31:28]} 73. Kd3
{[%clk 0:08:10]} Kg7 {[%clk 0:30:32]} 74. Ke3 {[%clk 0:08:35]} Kf7
{[%clk 0:30:54]} 75. Ra5 {[%clk 0:08:51]} Kg7 {[%clk 0:31:15]} 76. Kf3
{[%clk 0:09:11]} Kf7 {[%clk 0:31:31]} 77. Kg4 {[%clk 0:09:28]} Kg7
{[%clk 0:31:37]} 78. R2a3 {[%clk 0:09:48]} Kf7 {[%clk 0:31:54]} 79. R3a4
{[%clk 0:10:12]} Kg7 {[%clk 0:32:03]} 80. Kg5 {[%clk 0:10:35]} Kf7
{[%clk 0:32:06]} 81. Kh6 {[%clk 0:07:54]} Rb6 {[%clk 0:30:40]} 82. Kg5
{[%clk 0:07:19]} Rf6 {[%clk 0:31:05]} 83. Kg4 {[%clk 0:07:38]} Kg7
{[%clk 0:30:44]} 84. Kf3 {[%clk 0:07:59]} Re6 {[%clk 0:30:48]} 85. Ra1
{[%clk 0:07:55]} Kf7 {[%clk 0:31:00]} 86. Kg4 {[%clk 0:06:51]} Kg7
{[%clk 0:30:28]} 87. Kg5 {[%clk 0:07:14]} Rf6 {[%clk 0:29:40]} 88. R1a2
{[%clk 0:06:41]} Kf7 {[%clk 0:29:32]} 89. R2a3 {[%clk 0:03:15]} Kg7
{[%clk 0:29:18]} 90. R3a4 {[%clk 0:03:17]} Kf7 {[%clk 0:29:42]} 91. Kh4
{[%clk 0:03:37]} Kg7 {[%clk 0:29:59]} 92. Kg4 {[%clk 0:03:38]} Kf7
{[%clk 0:30:22]} 93. f5 {[%clk 0:02:59]} gxf5+ {[%clk 0:30:32]} 94. Rxf5
{[%clk 0:03:24]} Ke6 {[%clk 0:28:43]} 95. Rb5 {[%clk 0:03:01]} Kd7
{[%clk 0:27:11]} 96. Rba5 {[%clk 0:01:27]} Kc6 {[%clk 0:26:33]} 97. Ra2
{[%clk 0:01:30]} Rg7+ {[%clk 0:23:31]} 98. Rg5 {[%clk 0:01:50]} Rxg5+
{[%clk 0:23:49]} 99. Kxg5 {[%clk 0:02:19]} Rf8 {[%clk 0:24:08]} 1/2-1/2

[Event "2017 Oceania Zone 3.6 Zonal Championship"]
[Site "Auckland, NZL"]
[Date "2017.01.17"]
[Round "6.5"]
[White "Smith, Robert W"]
[Black "Hague, Ben"]
[Result "1/2-1/2"]
[LiveChessVersion "1.4.7"]
[BlackElo "2333"]
[WhiteElo "2238"]

1. e4 {[%clk 1:30:58]} c5 {[%clk 1:30:54]} 2. Nf3 {[%clk 1:31:22]} Nc6
{[%clk 1:31:20]} 3. d4 {[%clk 1:30:10]} cxd4 {[%clk 1:31:44]} 4. Nxd4
{[%clk 1:30:37]} e5 {[%clk 1:32:04]} 5. Nb5 {[%clk 1:30:25]} d6 {[%clk 1:32:27]}
6. c4 {[%clk 1:29:35]} Be7 {[%clk 1:32:37]} 7. Be2 {[%clk 1:24:33]} Nf6
{[%clk 1:30:04]} 8. N5c3 {[%clk 1:21:35]} O-O {[%clk 1:28:30]} 9. Be3
{[%clk 1:21:21]} Be6 {[%clk 1:26:17]} 10. O-O {[%clk 1:20:39]} Rc8
{[%clk 1:22:31]} 11. f3 {[%clk 1:12:50]} Nd4 {[%clk 1:13:04]} 12. Na3
{[%clk 1:07:28]} a6 {[%clk 0:54:11]} 13. Rc1 {[%clk 1:02:19]} Qa5
{[%clk 0:50:00]} 14. Bxd4 {[%clk 0:52:35]} exd4 {[%clk 0:50:18]} 15. Nd5
{[%clk 0:52:49]} Bxd5 {[%clk 0:44:39]} 16. cxd5 {[%clk 0:53:03]} Nd7
{[%clk 0:42:41]} 17. Qxd4 {[%clk 0:43:18]} Bf6 {[%clk 0:42:03]} 18. Qf2
{[%clk 0:43:35]} Qd2 {[%clk 0:34:42]} 19. Nc4 {[%clk 0:39:40]} Qb4
{[%clk 0:24:34]} 20. a3 {[%clk 0:35:34]} Qb3 {[%clk 0:23:02]} 21. f4
{[%clk 0:11:21]} b5 {[%clk 0:22:02]} 22. Nxd6 {[%clk 0:11:30]} Rxc1
{[%clk 0:22:15]} 23. Rxc1 {[%clk 0:11:59]} Qxb2 {[%clk 0:22:07]} 24. Rd1
{[%clk 0:12:20]} Qxa3 {[%clk 0:17:54]} 25. Nf5 {[%clk 0:11:53]} g6
{[%clk 0:13:52]} 26. Ng3 {[%clk 0:08:04]} b4 {[%clk 0:10:54]} 27. Qa7
{[%clk 0:05:54]} Nb8 {[%clk 0:08:27]} 28. e5 {[%clk 0:05:37]} Bh4
{[%clk 0:08:51]} 29. Ne4 {[%clk 0:02:53]} Qa2 {[%clk 0:08:47]} 30. Qe3
{[%clk 0:01:02]} Bd8 {[%clk 0:07:48]} 31. Rd2 {[%clk 0:00:51]} Qa5
{[%clk 0:07:31]} 32. Qb3 {[%clk 0:01:03]} Nd7 {[%clk 0:06:30]} 33. g3
{[%clk 0:00:52]} Nc5 {[%clk 0:06:07]} 34. Nxc5 {[%clk 0:01:17]} Qxc5+
{[%clk 0:06:32]} 35. Kg2 {[%clk 0:01:38]} a5 {[%clk 0:05:57]} 36. Rc2
{[%clk 0:01:04]} Qd4 {[%clk 0:05:50]} 37. Qc4 {[%clk 0:01:15]} Qe3
{[%clk 0:04:45]} 38. Qd3 {[%clk 0:00:47]} Qa7 {[%clk 0:04:40]} 39. Qa6
{[%clk 0:01:02]} Qd4 {[%clk 0:03:11]} 40. Qd3 {[%clk 0:31:24]} Qa7
{[%clk 0:32:20]} 41. Qb5 {[%clk 0:28:13]} Qe3 {[%clk 0:31:29]} 42. Qd3
{[%clk 0:27:43]} 1/2-1/2

[Event "2017 Oceania Zone 3.6 Zonal Championship"]
[Site "Auckland, NZL"]
[Date "2017.01.17"]
[Round "6.6"]
[White "Garbett, Paul A"]
[Black "Dive, Russell J"]
[Result "1/2-1/2"]
[LiveChessVersion "1.4.7"]
[BlackElo "2304"]
[WhiteElo "2229"]

1. f4 {[%clk 1:30:57]} d5 {[%clk 1:29:43]} 2. Nf3 {[%clk 1:31:16]} g6
{[%clk 1:29:32]} 3. g3 {[%clk 1:31:30]} Bg7 {[%clk 1:29:56]} 4. Bg2
{[%clk 1:31:51]} Nf6 {[%clk 1:29:44]} 5. O-O {[%clk 1:32:06]} O-O
{[%clk 1:30:09]} 6. d3 {[%clk 1:32:25]} a5 {[%clk 1:19:38]} 7. c3
{[%clk 1:31:07]} Nbd7 {[%clk 1:18:33]} 8. Qc2 {[%clk 1:29:05]} c6
{[%clk 1:15:36]} 9. e4 {[%clk 1:26:21]} dxe4 {[%clk 1:09:46]} 10. dxe4
{[%clk 1:26:40]} Nc5 {[%clk 1:10:10]} 11. Ne5 {[%clk 1:19:21]} Ng4
{[%clk 0:25:56]} 12. Nxg4 {[%clk 1:17:44]} Bxg4 {[%clk 0:26:24]} 13. h3
{[%clk 1:17:33]} Be6 {[%clk 0:26:49]} 14. Rd1 {[%clk 1:17:35]} Qc8
{[%clk 0:23:44]} 15. Be3 {[%clk 1:17:12]} b6 {[%clk 0:24:06]} 16. Kh2
{[%clk 1:14:57]} Rd8 {[%clk 0:22:02]} 17. Nd2 {[%clk 1:11:34]} Qc7
{[%clk 0:19:32]} 18. Nf3 {[%clk 0:52:16]} Bc4 {[%clk 0:14:18]} 19. Bd4
{[%clk 0:50:38]} f6 {[%clk 0:13:06]} 20. b3 {[%clk 0:42:43]} Bf7 {[%clk 0:13:14]}
21. e5 {[%clk 0:37:27]} Ne6 {[%clk 0:11:44]} 22. exf6 {[%clk 0:37:32]} exf6
{[%clk 0:10:34]} 23. f5 {[%clk 0:37:01]} Nf8 {[%clk 0:08:15]} 24. Be3
{[%clk 0:35:30]} g5 {[%clk 0:03:58]} 25. c4 {[%clk 0:28:08]} c5 {[%clk 0:02:58]}
26. Bf2 {[%clk 0:24:06]} Rxd1 {[%clk 0:02:29]} 27. Rxd1 {[%clk 0:24:19]} Rd8
{[%clk 0:02:58]} 28. a4 {[%clk 0:23:56]} Rxd1 {[%clk 0:02:43]} 29. Qxd1
{[%clk 0:24:19]} Nd7 {[%clk 0:02:16]} 30. Qd3 {[%clk 0:20:25]} Bf8
{[%clk 0:02:32]} 31. Kg1 {[%clk 0:17:36]} Bd6 {[%clk 0:02:19]} 32. Nd2
{[%clk 0:17:01]} Kg7 {[%clk 0:00:47]} 33. Nf1 {[%clk 0:13:15]} Be5
{[%clk 0:00:39]} 34. Be4 {[%clk 0:09:54]} Qd6 {[%clk 0:00:34]} 35. Qxd6
{[%clk 0:09:22]} Bxd6 {[%clk 0:01:03]} 36. Ne3 {[%clk 0:09:34]} Be5
{[%clk 0:00:49]} 37. Bc6 {[%clk 0:09:46]} Nb8 {[%clk 0:00:48]} 38. Bb5
{[%clk 0:09:07]} Kf8 {[%clk 0:01:04]} 39. Kg2 {[%clk 0:08:27]} Ke7
{[%clk 0:01:10]} 40. Kf3 {[%clk 0:36:12]} Kd6 {[%clk 0:31:25]} 41. Ke4
{[%clk 0:32:02]} Bd4 {[%clk 0:15:08]} 42. Ng4 {[%clk 0:28:40]} Bxf2
{[%clk 0:11:57]} 43. Nxf2 {[%clk 0:29:04]} Bh5 {[%clk 0:12:15]} 44. Ng4
{[%clk 0:25:39]} Kd5+ 1/2-1/2

[Event "2017 Oceania Zone 3.6 Zonal Championship"]
[Site "Auckland, NZL"]
[Date "2017.01.17"]
[Round "6.7"]
[White "Hu, Jason"]
[Black "Ker, Anthony F"]
[Result "0-1"]
[LiveChessVersion "1.4.7"]
[BlackElo "2300"]
[WhiteElo "2181"]

1. d4 {[%clk 1:30:22]} d6 {[%clk 1:30:55]} 2. Nf3 {[%clk 1:30:25]} Bg4
{[%clk 1:31:18]} 3. g3 {[%clk 1:30:01]} Bxf3 {[%clk 1:28:01]} 4. exf3
{[%clk 1:30:25]} Nf6 {[%clk 1:27:44]} 5. Bg2 {[%clk 1:29:06]} e6 {[%clk 1:23:47]}
6. f4 {[%clk 1:29:09]} d5 {[%clk 1:24:12]} 7. O-O {[%clk 1:29:02]} Be7
{[%clk 1:24:25]} 8. c4 {[%clk 1:27:31]} c6 {[%clk 1:23:18]} 9. b3
{[%clk 1:24:34]} O-O {[%clk 1:22:50]} 10. Qd3 {[%clk 1:24:21]} Qd7
{[%clk 1:19:17]} 11. Nc3 {[%clk 1:18:20]} Rd8 {[%clk 1:16:30]} 12. c5
{[%clk 1:14:45]} b6 {[%clk 1:11:31]} 13. b4 {[%clk 1:13:10]} Qb7 {[%clk 1:07:28]}
14. Rb1 {[%clk 1:06:47]} Nbd7 {[%clk 1:07:13]} 15. f5 {[%clk 1:06:35]} e5
{[%clk 1:01:42]} 16. Re1 {[%clk 1:04:22]} exd4 {[%clk 0:58:31]} 17. Nxd5
{[%clk 0:55:02]} cxd5 {[%clk 0:39:22]} 18. Rxe7 {[%clk 0:54:18]} Nxc5
{[%clk 0:36:22]} 19. Rxb7 {[%clk 0:50:21]} Nxd3 {[%clk 0:36:49]} 20. Bg5
{[%clk 0:50:06]} Rd6 {[%clk 0:31:57]} 21. Bxf6 {[%clk 0:44:17]} gxf6
{[%clk 0:32:22]} 22. Rd1 {[%clk 0:26:02]} Nxb4 {[%clk 0:31:38]} 23. Rxd4
{[%clk 0:26:24]} a5 {[%clk 0:28:40]} 24. a3 {[%clk 0:25:39]} Nc2 {[%clk 0:28:32]}
25. Rxd5 {[%clk 0:25:31]} Rad8 {[%clk 0:28:32]} 26. Rxd6 {[%clk 0:23:48]} Rxd6
{[%clk 0:29:00]} 27. a4 {[%clk 0:24:05]} Nd4 {[%clk 0:27:39]} 28. Be4
{[%clk 0:23:17]} Nb3 {[%clk 0:27:30]} 29. Rc7 {[%clk 0:17:16]} Rd4
{[%clk 0:24:20]} 30. Bf3 {[%clk 0:17:12]} Nc5 {[%clk 0:23:14]} 31. Bh5
{[%clk 0:16:32]} Rd7 {[%clk 0:20:38]} 32. Rxd7 {[%clk 0:15:22]} Nxd7
{[%clk 0:21:07]} 33. Kg2 {[%clk 0:13:59]} Kf8 {[%clk 0:17:48]} 34. Bd1
{[%clk 0:08:47]} Ke7 {[%clk 0:16:13]} 35. f4 {[%clk 0:07:18]} Nc5
{[%clk 0:12:44]} 36. g4 {[%clk 0:05:52]} Ne4 {[%clk 0:10:50]} 37. Kf3
{[%clk 0:05:18]} Nc3 {[%clk 0:11:13]} 38. Bc2 {[%clk 0:05:24]} Kd6
{[%clk 0:03:55]} 39. h4 {[%clk 0:03:45]} b5 {[%clk 0:04:01]} 40. axb5
{[%clk 0:33:56]} Nxb5 {[%clk 0:33:10]} 41. Ke3 {[%clk 0:32:45]} Nc3
{[%clk 0:23:11]} 42. Kd4 {[%clk 0:21:44]} Nd5 {[%clk 0:21:59]} 43. Bb3
{[%clk 0:14:30]} Nxf4 {[%clk 0:22:09]} 44. Bxf7 {[%clk 0:05:13]} Ng2
{[%clk 0:19:51]} 45. h5 {[%clk 0:04:34]} h6 {[%clk 0:18:23]} 46. Be8
{[%clk 0:03:55]} Ne1 {[%clk 0:14:39]} 47. Ba4 {[%clk 0:03:43]} Nf3+
{[%clk 0:15:02]} 48. Ke4 {[%clk 0:02:56]} Ne5 {[%clk 0:13:38]} 49. Bd1
{[%clk 0:03:15]} Nd7 {[%clk 0:12:05]} 50. Kd4 {[%clk 0:03:11]} Nb6
{[%clk 0:11:47]} 51. Bb3 {[%clk 0:02:21]} a4 {[%clk 0:09:32]} 52. Ba2
{[%clk 0:02:15]} Nd7 {[%clk 0:04:44]} 53. Ke4 {[%clk 0:01:03]} Ne5
{[%clk 0:04:45]} 54. g5 {[%clk 0:01:17]} fxg5 {[%clk 0:04:44]} 55. f6
{[%clk 0:01:41]} Nd7 {[%clk 0:04:30]} 56. f7 {[%clk 0:00:55]} Ke7
{[%clk 0:04:34]} 57. Kf5 {[%clk 0:01:17]} Nf8 {[%clk 0:04:59]} 58. Bc4
{[%clk 0:01:22]} a3 {[%clk 0:05:15]} 59. Bb3 {[%clk 0:01:48]} Nd7
{[%clk 0:03:45]} 60. Bc4 {[%clk 0:02:01]} Kf8 {[%clk 0:03:46]} 61. Bd5
{[%clk 0:01:52]} Kg7 {[%clk 0:03:28]} 62. Bc4 {[%clk 0:00:51]} Nf6
{[%clk 0:02:24]} 63. Ke6 {[%clk 0:00:46]} g4 {[%clk 0:02:09]} 64. f8=Q+
{[%clk 0:00:38]} Kxf8 {[%clk 0:02:32]} 65. Kxf6 {[%clk 0:01:04]} g3
{[%clk 0:02:56]} 66. Bd5 {[%clk 0:00:56]} a2 {[%clk 0:03:08]} 67. Bxa2
{[%clk 0:00:42]} g2 {[%clk 0:03:33]} 68. Bf7 {[%clk 0:00:33]} g1=Q
{[%clk 0:03:55]} 69. Bg6 {[%clk 0:00:59]} Qb6+ {[%clk 0:03:42]} 70. Kf5
{[%clk 0:01:22]} Ke7 {[%clk 0:04:06]} 71. Ke5 {[%clk 0:01:46]} Qc5+
{[%clk 0:04:27]} 72. Ke4 {[%clk 0:02:03]} Kf6 {[%clk 0:04:50]} 73. Kd3
{[%clk 0:02:23]} Ke5 {[%clk 0:05:10]} 74. Kd2 {[%clk 0:02:49]} Kd4
{[%clk 0:05:31]} 75. Ke2 {[%clk 0:03:13]} Qc3 {[%clk 0:04:47]} 76. Kf2
{[%clk 0:03:14]} Qe3+ {[%clk 0:05:06]} 77. Kg2 {[%clk 0:03:36]} Ke5
{[%clk 0:04:55]} 78. Kf1 {[%clk 0:03:30]} Kf4 {[%clk 0:04:38]} 79. Kg2
{[%clk 0:03:53]} Qd2+ {[%clk 0:04:50]} 0-1